Fr. Conceicao Rodrigues College of Engineering

Fuzzy control (Record no. 20231)

MARC details
000 -LEADER
fixed length control field 00307nam a2200145Ia 4500
082 ## - DEWEY DECIMAL CLASSIFICATION NUMBER
Classification number 511.322
Item number DRI
100 ## - MAIN ENTRY--PERSONAL NAME
Personal name Driankev/D/ Hellendoorn H
245 ## - TITLE STATEMENT
Title Fuzzy control
260 ## - PUBLICATION, DISTRIBUTION, ETC.
Name of publisher, distributor, etc. Narosa Pub House
Date of publication, distribution, etc. 1993
300 ## - PHYSICAL DESCRIPTION
Extent 316
546 ## - LANGUAGE NOTE
Language note ENGLISH
654 ## - SUBJECT ADDED ENTRY--FACETED TOPICAL TERMS
Focus term fuzzy control
942 ## - ADDED ENTRY ELEMENTS (KOHA)
Koha item type BOOK
Holdings
Withdrawn status Lost status Damaged status Not for loan Collection Home library Current library Date acquired Total Checkouts Full call number Barcode Date last seen Price effective from Koha item type
        CRC Fr. Agnel's C.Rodrigues College of Engineering Fr. Agnel's C.Rodrigues College of Engineering 17/03/2023   511.322 DRI 14819 17/03/2023 17/03/2023 BOOK
        CRC Fr. Agnel's C.Rodrigues College of Engineering Fr. Agnel's C.Rodrigues College of Engineering 17/03/2023   511.322 DRI 14820 17/03/2023 17/03/2023 BOOK